Normal view
MARC view
- CHARTERIS, LESLIE
Entry Personal Name
001 - CONTROL NUMBER
- control field: 79275
003 - CONTROL NUMBER IDENTIFIER
- control field: NUST
005 - DATE AND TIME OF LATEST TRANSACTION
- control field: 20210628210416.0
008 - FIXED-LENGTH DATA ELEMENTS
- fixed length control field: 210628|| aca||aabn | a|a d
040 ## - CATALOGING SOURCE
- Original cataloging agency: NUST
- Transcribing agency: NUST
100 ## - HEADING--PERSONAL NAME
- Personal name: CHARTERIS, LESLIE
670 ## - SOURCE DATA FOUND
- Source citation: Work cat.: (NUST): CHARTERIS, LESLIE, ENTER THE SAINT, 1971
